Factibilidad económica de marcos de concreto postensado bajo las condiciones del Código Sísmico de Costa Rica 2002

Shranjeno v:
Bibliografske podrobnosti
Glavni avtor: Valverde Obando, José Luis
Format: Knjiga
Izdano: 2006 [San José, Costa Rica]
Teme:
Oznake: Označite
Brez oznak, prvi označite!

MARC

LEADER 00000nam a2200000Ia 4500
003 009769
005 20221231144119.0
008 140114s2006 cr a m 000 ||s d
040 |c cru CEDI  
090 |a TFG 5297 
100 |a Valverde Obando, José Luis  |9 5447 
245 |a Factibilidad económica de marcos de concreto postensado bajo las condiciones del Código Sísmico de Costa Rica 2002 
260 |c  [San José, Costa Rica]  |b 2006 
300 |a ix, 40, 112, [21] hojas : ilustraciones a color, planos  
500 |a Tesis (licenciatura en ingeniería civil)--Universidad de Costa Rica. Escuela de Ingeniería Civil 
650 |x CONSTRUCCIONES ANTISISMICAS   |x CONSTRUCCIONES DE HORMIGON   |x  DISEÑO DE ESTRUCTURAS   |x MARCOS DE HORMIGON ARMADO  |9 5448 
942 |c TFG 
999 |c 17095  |d 17095